| 000 | 00854nam a2200265Ia 4500 | ||
|---|---|---|---|
| 003 | OSt | ||
| 005 | 20220918164906.0 | ||
| 006 | a|||||r|||| 00| 0 | ||
| 007 | ta | ||
| 008 | 220917b |||||||| |||| 00| 0 eng d | ||
| 020 |
_a0805847022 (pbk) _c2549.34 |
||
| 024 | _a236,221 | ||
| 037 |
_bDU0001, 01/10/2008, Independent Publishers Group _cTextual |
||
| 040 |
_aARTS _cARTS _beng |
||
| 041 |
_2eng _aeng |
||
| 082 | _aS:7:7, P7 | ||
| 100 |
_aNewman Barbara M. _921524 |
||
| 245 | 0 | _aTheories of human development | |
| 260 |
_aNew Jersey _bLawrence Erlbaum Associates Publishers USA _c2007 |
||
| 300 |
_aix,338p. _ccm. |
||
| 650 | _aPSYCHOLOGY | ||
| 700 |
_a Newman Philip R. _921525 |
||
| 942 |
_hS:7:7, P7 _cTEXL _2CC |
||
| 999 |
_c127259 _d127259 |
||